Geografía elemental dedicada a S. A. R. El Serenísimo Sr. Príncipe de Asturias [ (Record no. 20817)

MARC details
000 -LEADER
campo de control de longitud fija 00971nem a2200217 i 4500
001 - NÚMERO DE CONTROL
campo de control 20817
003 - IDENTIFICADOR DE NÚMERO DE CONTROL
campo de control ES-MaACL
005 - FECHA Y HORA DE LA ÚLTIMA TRANSACCIÓN
campo de control 20250724094349.0
007 - CAMPO FIJO DE DESCRIPCIÓN FÍSICA--INFORMACIÓN GENERAL
campo de control de longitud fija t|
008 - DATOS DE LONGITUD FIJA--INFORMACIÓN GENERAL
campo de control de longitud fija 021118s1867 sp | |0|1||spa d
100 1# - ENTRADA PRINCIPAL--NOMBRE DE PERSONA
Nombre de persona Alabern Casas, Ramón,
Fechas asociadas al nombre ca. 1830-ca. 1868
9 (RLIN) 19069
245 10 - MENCIÓN DEL TÍTULO
Título Geografía elemental dedicada a S. A. R. El Serenísimo Sr. Príncipe de Asturias [
Medio Material cartográfico]
Resto del título : nuevo método ; enseñanza directa sobre los mapas, sin necesidad de libros / por Don Ramón Alabern.
250 ## - MENCION DE EDICION
Mención de edición 2ª ed.
260 ## - PUBLICACIÓN, DISTRIBUCIÓN, ETC.
Lugar de publicación, distribución, etc. Madrid :
Nombre del editor, distribuidor, etc. [s.n.],
Fecha de publicación, distribución, etc. 1867 (
Fabricante Impr. de Manuel Minuesa)
300 ## - DESCRIPCIÓN FÍSICA
Extensión [20 p.] :
Otras características físicas map. col. ;
Dimensiones 22 x 26 cm cm.
505 8# - NOTA DE CONTENIDO CON FORMATO
Nota de contenido con formato Mapas y planos incluidos: [1. Mapa-mundi. 2. Europa. 3. España 4. Asia. 5. África. 6. América 7. Oceanía. 8. Tierra Santa]
650 04 - PUNTO DE ACCESO ADICIONAL DE MATERIA--TÉRMINO DE MATERIA
Término de materia o nombre geográfico como elemento de entrada Geografía-
Subdivisión general Didáctica.
9 (RLIN) 13072
650 #7 - PUNTO DE ACCESO ADICIONAL DE MATERIA--TÉRMINO DE MATERIA
Término de materia o nombre geográfico como elemento de entrada Atlas
Fuente del encabezamiento o término embne
9 (RLIN) 10407
852 ## - LOCALIZACIÓN
Ubicación ES-MaACL
Número de control de estantería Fol-Laf-29
Nota libre .- Legado M. de la Fuente
Holdings
Estatus retirado Estado de pérdida Estado de daño No para préstamo Colección Biblioteca de origen Biblioteca actual Ubicación en estantería Fecha de adquisición Fuente de adquisición Total de préstamos Signatura topográfica completa Código de barras Visto por última vez Precio de reemplazo Tipo de ítem Koha
        Colección de folletos Biblioteca del Ateneo de Madrid Biblioteca del Ateneo de Madrid Depósito folletos 17/01/2008     Fol-Laf-29 1021379 23/02/2023 23/02/2023 Folleto